The Columbia University School of Social Work : (Record no. 618432)

MARC details
000 -LEADER
fixed length control field 00535nam a2200193 a 4500
008 - FIXED-LENGTH DATA ELEMENTS--GENERAL INFORMATION
fixed length control field 260330s2001##################000#0#eng##
020 ## - INTERNATIONAL STANDARD BOOK NUMBER
ISBN 9780231122825
082 04 - DEWEY DECIMAL CLASSIFICATION NUMBER
Classification number 361.30711747
Item number FEL
100 1# - MAIN ENTRY--AUTHOR NAME
Personal name Feldman, Ronald A.,
245 10 - TITLE STATEMENT
Title The Columbia University School of Social Work :
260 ## - PUBLICATION, DISTRIBUTION, ETC. (IMPRINT)
Name of publisher Columbia University Press,
Year of publication 2001.
300 ## - PHYSICAL DESCRIPTION
Number of Pages 460 pages
650 #0 - SUBJECT ADDED ENTRY--TOPICAL TERM
Topical Term Education.
942 ## - ADDED ENTRY ELEMENTS (KOHA)
Koha item type English Books
Holdings
Withdrawn status Lost status Damaged status Not for loan Home library Current library Shelving location Date acquired Full call number Accession Number Price effective from Koha item type
        Anna Centenary Library Anna Centenary Library 4TH FLOOR, A WING 30.03.2026 361.30711747 FEL 168862 30.03.2026 English Books

Find us on the map